Modern Life Is Rubbish Tracklist (Blur) - Statistics

General Stats
  • This quiz has been taken 18 times
  • The average score is 10 of 14
Answer Stats
Hint Answer % Correct
1 For Tomorrow
100%
6 Blue Jeans
90%
11 Villa Rosie
90%
5 Star Shaped
80%
8 Sunday Sunday
80%
2 Advert
70%
7 Chemical World
70%
3 Colin Zeal
70%
10 Miss America
70%
9 Oily Water
70%
14 Resigned
70%
12 Coping
60%
4 Pressure on Julian
60%
13 Turn It Up
60%
No matching quizzes found
Score Distribution
Percent of People with Each Score
Percentile by Number Answered
Your Score History
You have not taken this quiz